00426nam a2200157Ia 450000500170000000800410001704000190005804100120007708200140008924500610010326000390016430000110020365000180021470000250023285000110025720240403144438.0131103s9999 xx 000 0 und d aLoreto College aEnglish a170 bPAT aIn The Footsteps of the GreatcEdited by P. Parameswaean aChennaibVivekananda Kandrac[19?] a428p.  aMoral Science aParameswaean, P.;ed. aLCBED